00698cam a2200205 a 450000100060000000300080000600500170001400800410003103500190007203500120009104000400010304100080014308200280015110000200017924501690019926000280036830000280039650400290042465000390045366016BD-RjUL20211209081506.0170313s1961 fr ao 000 0 eng S a(BD-RjUL)66146 a2024515 aDUP:JbengcDUP:JdDUP:Jd(BD-RjUL) aeng00223a333.95416bHUC 19611 aHuxley, Julian,14aThe conservation of wild life and natural habitats in Central and East Africa :bReport on a mission accomplished for UNESCO, July-September 1960 /cJulian, Huxley. aParis :bUNESCO,c1961. a113p. :bill. ;c19 cm. aBibliography: p. 110-113 0a Conservation of WildlifezAfrica.